Countries With the Most Indians by Percentage - Statistics

General Stats
  • This quiz has been taken 34 times
  • The average score is 10 of 15
Answer Stats
Hint Answer % Correct
36.0% United Arab Emirates
83%
22.2% Bahrain
80%
24.7% Qatar
80%
7.6% Saudi Arabia
77%
25.8% Kuwait
73%
30.8% Oman
73%
13.5% Singapore
70%
6.2% Malaysia
67%
70.7% Mauritius
63%
6.3% Bhutan
60%
17.5% Seychelles
60%
35.4% Fiji
50%
38.9% Guyana
50%
39.4% Suriname
50%
31.0% Trinidad and Tobago
37%
No matching quizzes found
Score Distribution
Percent of People with Each Score
Percentile by Number Answered
Your Score History
You have not taken this quiz